Rugby League World Cup Top 4 Positions - Statistics

General Stats
  • This quiz has been taken 269 times
    177 since last reset
  • The average score is 9 of 10
Answer Stats
Answer % Correct
Great Britain
99%
Australia
97%
New Zealand
97%
England
96%
Samoa
92%
France
90%
Tonga
87%
Fiji
84%
Wales
84%
Papua New Guinea
56%
No matching quizzes found
Score Distribution
Percent of People with Each Score
Percentile by Number Answered
Your Score History
You have not taken this quiz since the last reset